Novela zákona o dani z príjmov
V roku 2017 boli schválené štyri novely zákona č. 595/2003 Z. z. o dani z príjmov v znení neskorších predpisov. Išlo o novely: obchodného zákonníka, zákona o bankách, zákona o športe, zákona o dani z príjmov. Zmeny, ktoré tieto novely priniesli.
Enregistré dans:
| Auteur principal: | |
|---|---|
| Autres auteurs: | |
| Format: | Chapitre de livre |
| Langue: | slovaque |
| Sujets: | |
| Tags: |
Pas de tags, Soyez le premier à ajouter un tag!
|
MARC
| LEADER | 00000naa a2200000 4500 | ||
|---|---|---|---|
| 001 | 0241863 | ||
| 005 | 20180410110659.2 | ||
| 041 | 0 | |a slo | |
| 044 | |a SK | ||
| 245 | 1 | 0 | |a Novela zákona o dani z príjmov |c Miroslava Brnová, Michaela Vidová |
| 520 | |a V roku 2017 boli schválené štyri novely zákona č. 595/2003 Z. z. o dani z príjmov v znení neskorších predpisov. Išlo o novely: obchodného zákonníka, zákona o bankách, zákona o športe, zákona o dani z príjmov. Zmeny, ktoré tieto novely priniesli. | ||
| 610 | 2 | 0 | |a legislatíva |
| 610 | 2 | 0 | |a novelizácia |
| 610 | 2 | 0 | |a dane z príjmov |
| 610 | 2 | 0 | |a zákonník obchodný |
| 610 | 2 | 0 | |a banky |
| 610 | 2 | 0 | |a úver bankový |
| 610 | 2 | 0 | |a úrok |
| 610 | 2 | 0 | |a úľavy daňové |
| 610 | 2 | 0 | |a šport |
| 610 | 2 | 0 | |a daňovníci |
| 100 | 1 | |a Brnová, Miroslava | |
| 700 | 1 | |a Vidová, Michaela | |